000 00925nam0a22002411 4500
001 rc\2986089
005 20260408103354.0
035 _a(NLR Aleph) 007130578
090 _a6955213
_c6955213
100 _a20110912d1934 |||y0rusy50 ca
101 0 _arus
102 _aRU
105 _aa z |||||
200 1 _aНоменклатура счетов текущего учета для областных пищетрестов Наркомснаба УССР и пояснения к счетам. Содержание и корреспонденция счетов
210 _aКиев
_cНаркомснаб УССР
_d1934
215 _a240 с.
_cтабл.
_d21 см
710 0 1 _aУССР
_bНародный комиссариат снабжения
_9371142
_3RU\NLR\AUTH\8810242629
801 0 _aRU
_bNLR
_gpsbo
801 1 _aRU
_bELAR
_2rusmarc
852 _aNLR
_j34-3/1420
942 _cBOOK
980 _aNB